[Event "Campinas - Memorial Antonio Rocha 2011"]
[Site "Campinas BRA"]
[Date "2011.01.13"]
[Round "1.1"]
[White "De Nucci, Gilberto"]
[Black "Mareco, Sandro"]
[Result "0-1"]
[WhiteElo "2066"]
[BlackElo "2627"]
[PlyCount "60"]
[EventDate "2011.01.13"]
[EventType "tourn"]
[EventRounds "13"]
[EventCountry "BRA"]
[EventCategory "8"]
[Source "lmi"]
[SourceDate "2011.01.13"]

1. d4 Nf6 2. c4 e6 3. Nc3 Bb4 4. e3 O-O 5. Nge2 d5 6. a3 Be7 7. Nf4 c6 8. cxd5
exd5 9. Bd3 Bd6 10. O-O Re8 11. b4 Nbd7 12. Re1 Ne4 13. Qc2 Ndf6 14. f3 Ng5 15.
Bd2 g6 16. Nce2 Bd7 17. h4 Ne6 18. e4 dxe4 19. fxe4 Ng4 20. g3 Qb6 21. Qc3 Rad8
22. Kg2 Be5 23. Nxe6 Bxe6 24. Bg5 Rxd4 25. Nxd4 Bxd4 26. Qd2 h6 27. Bxh6 Bxa1
28. Rxa1 Rd8 29. Rd1 Rxd3 30. Qb2 Qf2+ 0-1

[Event "Campinas - Memorial Antonio Rocha 2011"]
[Site "Campinas BRA"]
[Date "2011.01.13"]
[Round "1.3"]
[White "Tsuboi, Edson Kenji"]
[Black "Vescovi, Giovanni Portilho"]
[Result "0-1"]
[WhiteElo "2380"]
[BlackElo "2631"]
[PlyCount "84"]
[EventDate "2011.01.13"]
[EventType "tourn"]
[EventRounds "13"]
[EventCountry "BRA"]
[EventCategory "8"]
[Source "lmi"]
[SourceDate "2011.01.13"]

1. e4 c5 2. Nf3 d6 3. d4 cxd4 4. Nxd4 Nf6 5. Nc3 a6 6. Be3 e6 7. Be2 Be7 8. O-O
O-O 9. f4 Nc6 10. a4 Bd7 11. Nb3 e5 12. Kh1 Nb4 13. Nd5 Nfxd5 14. exd5 Bf5 15.
Rc1 Be4 16. c4 exf4 17. Rxf4 Bg6 18. a5 Bg5 19. Rf3 Re8 20. Bd2 Bxd2 21. Qxd2
b6 22. Qxb4 Rxe2 23. Nd4 bxa5 24. Qc3 Re4 25. Re1 Rxe1+ 26. Qxe1 Qb6 27. Re3 h6
28. Qc3 a4 29. Rg3 a3 30. b4 Kh7 31. h4 a2 32. h5 Qxb4 33. hxg6+ fxg6 34. Qxb4
a1=Q+ 35. Kh2 Qxd4 36. Qxd6 Qh4+ 37. Kg1 Qd4+ 38. Kh2 Qh4+ 39. Kg1 g5 40. c5
Re8 41. Rh3 Re1+ 42. Kh2 Qd4 0-1

[Event "Campinas - Memorial Antonio Rocha 2011"]
[Site "Campinas BRA"]
[Date "2011.01.13"]
[Round "1.4"]
[White "Zambrana, Osvaldo"]
[Black "Flores, Diego"]
[Result "1/2-1/2"]
[WhiteElo "2513"]
[BlackElo "2628"]
[PlyCount "36"]
[EventDate "2011.01.13"]
[EventType "tourn"]
[EventRounds "13"]
[EventCountry "BRA"]
[EventCategory "8"]
[Source "lmi"]
[SourceDate "2011.01.13"]

1. e4 c5 2. Nf3 e6 3. d4 cxd4 4. Nxd4 a6 5. c4 Ne7 6. Nc3 Nbc6 7. Nb3 Ng6 8.
Be3 b6 9. f4 Be7 10. g3 d6 11. Bg2 Bb7 12. h4 Nf8 13. Qg4 h5 14. Qe2 Nd7 15.
O-O-O Qc7 16. Kb1 Nc5 17. e5 O-O-O 18. exd6 Bxd6 1/2-1/2

[Event "Campinas - Memorial Antonio Rocha 2011"]
[Site "Campinas BRA"]
[Date "2011.01.13"]
[Round "1.5"]
[White "Name, Gabriel Ricardo S"]
[Black "Rodriguez Vila, Andres"]
[Result "0-1"]
[WhiteElo "2138"]
[BlackElo "2511"]
[PlyCount "66"]
[EventDate "2011.01.13"]
[EventType "tourn"]
[EventRounds "13"]
[EventCountry "BRA"]
[EventCategory "8"]
[Source "lmi"]
[SourceDate "2011.01.13"]

1. d4 f5 2. g3 Nf6 3. Bg2 g6 4. Nh3 Bg7 5. O-O O-O 6. Nd2 d6 7. Nf3 h6 8. Nf4
Qe8 9. Nd3 Nc6 10. c3 e5 11. Nde1 Be6 12. b3 Rd8 13. Nc2 g5 14. Nfe1 Bd5 15.
Bxd5+ Nxd5 16. Bb2 f4 17. c4 Nf6 18. d5 Ne7 19. gxf4 gxf4 20. Kh1 Qh5 21. Rg1
Nf5 22. e3 Qxd1 23. Rxd1 Ne4 24. Nd3 fxe3 25. fxe3 Kh7 26. Rg4 Nf6 27. Rg2 Nh4
28. Re2 Ne4 29. Rg1 Rd7 30. Nce1 Rf5 31. Ng2 Nf3 32. Rf1 Rdf7 33. Nge1 Ng3+ 0-1

[Event "Campinas - Memorial Antonio Rocha 2011"]
[Site "Campinas BRA"]
[Date "2011.01.13"]
[Round "1.7"]
[White "Mecking, Henrique Costa"]
[Black "Santos, Marcus Vinicius M"]
[Result "1-0"]
[WhiteElo "2562"]
[BlackElo "2365"]
[PlyCount "91"]
[EventDate "2011.01.13"]
[EventType "tourn"]
[EventRounds "13"]
[EventCountry "BRA"]
[EventCategory "8"]
[Source "lmi"]
[SourceDate "2011.01.13"]

1. d4 Nf6 2. c4 e6 3. Nc3 Bb4 4. e3 b6 5. Bd3 Bb7 6. Nge2 Bxg2 7. Rg1 Bf3 8.
Qc2 Nc6 9. Rxg7 Nh5 10. Rg1 Qh4 11. Bd2 O-O-O 12. Be4 Bxe4 13. Qxe4 Qxe4 14.
Nxe4 Bxd2+ 15. Kxd2 h6 16. N2g3 Ng7 17. Nf6 Rdf8 18. Rg2 Kd8 19. Rag1 Ke7 20.
Ngh5 Ne8 21. Ne4 f5 22. Nc3 Kf7 23. Nf4 Ne7 24. Nd3 d6 25. Nf4 Rfg8 26. d5 exd5
27. cxd5 Rxg2 28. Rxg2 Rg8 29. Rxg8 Kxg8 30. f3 Kf7 31. Ke2 c6 32. dxc6 Nxc6
33. Nb5 a6 34. Nc3 Nf6 35. Nfd5 Nd7 36. b4 Ne7 37. Nxe7 Kxe7 38. Nd5+ Kf7 39.
f4 a5 40. Kd3 axb4 41. Kc4 Ke6 42. Nc7+ Ke7 43. Kxb4 Nf6 44. Kb5 Kd7 45. Na8
Ng4 46. Nxb6+ 1-0

[Event "Campinas - Memorial Antonio Rocha 2011"]
[Site "Campinas BRA"]
[Date "2011.01.14"]
[Round "2.1"]
[White "Mareco, Sandro"]
[Black "Santos, Marcus Vinicius M"]
[Result "1-0"]
[WhiteElo "2627"]
[BlackElo "2365"]
[PlyCount "63"]
[EventDate "2011.01.13"]
[EventType "tourn"]
[EventRounds "13"]
[EventCountry "BRA"]
[EventCategory "8"]
[Source "lmi"]
[SourceDate "2011.01.13"]

1. d4 Nf6 2. c4 c5 3. d5 e5 4. Nc3 d6 5. e4 Be7 6. Bd3 Nbd7 7. Nf3 Nf8 8. g3
Ng6 9. h4 h5 10. Bd2 a6 11. Ng5 Bd7 12. a3 Rb8 13. Qe2 Qc8 14. b4 b6 15. Rb1
O-O 16. O-O Bg4 17. f3 Bd7 18. Rb3 Qc7 19. Rfb1 Rfc8 20. Be3 Bd8 21. Qd2 Nf8
22. Bf1 Ne8 23. Nh3 Nh7 24. Nf2 g6 25. Qb2 Qa7 26. bxc5 dxc5 27. Nd3 Bc7 28. d6
Bxd6 29. Nd5 b5 30. Nxe5 Be6 31. cxb5 axb5 32. Bxb5 1-0

[Event "Campinas - Memorial Antonio Rocha 2011"]
[Site "Campinas BRA"]
[Date "2011.01.14"]
[Round "2.2"]
[White "Leitao, Rafael Duailibe"]
[Black "Mecking, Henrique Costa"]
[Result "1/2-1/2"]
[WhiteElo "2609"]
[BlackElo "2562"]
[PlyCount "46"]
[EventDate "2011.01.13"]
[EventType "tourn"]
[EventRounds "13"]
[EventCountry "BRA"]
[EventCategory "8"]
[Source "lmi"]
[SourceDate "2011.01.13"]

1. d4 Nf6 2. c4 g6 3. Nf3 Bg7 4. g3 d5 5. cxd5 Nxd5 6. Bg2 Nb6 7. Nc3 Nc6 8. e3
O-O 9. O-O Re8 10. Re1 a5 11. Qc2 e5 12. Nxe5 Nxe5 13. dxe5 Bxe5 14. f4 Bg7 15.
e4 c6 16. Be3 Nc4 17. Bf2 Qd2 18. Qxd2 Nxd2 19. e5 Bg4 20. h3 Bf3 21. Re3 Bxg2
22. Kxg2 f6 23. Rd3 Nc4 1/2-1/2

[Event "Campinas - Memorial Antonio Rocha 2011"]
[Site "Campinas BRA"]
[Date "2011.01.14"]
[Round "2.3"]
[White "Rodriguez Vila, Andres"]
[Black "Stamenkovic, Dragan"]
[Result "1-0"]
[WhiteElo "2511"]
[BlackElo "2370"]
[PlyCount "65"]
[EventDate "2011.01.13"]
[EventType "tourn"]
[EventRounds "13"]
[EventCountry "BRA"]
[EventCategory "8"]
[Source "lmi"]
[SourceDate "2011.01.13"]

1. e4 c5 2. Nf3 Nc6 3. d4 cxd4 4. Nxd4 Nf6 5. Nc3 d6 6. g3 Bg4 7. f3 Bd7 8. Be3
g6 9. Qd2 Bg7 10. O-O-O O-O 11. g4 Nxd4 12. Bxd4 Qa5 13. Kb1 Rfc8 14. h4 Be6
15. a3 Rab8 16. h5 b5 17. h6 Bh8 18. Bxf6 exf6 19. Qxd6 b4 20. Nd5 Bxd5 21.
Rxd5 Qa4 22. Bc4 bxa3 23. Bb3 a2+ 24. Ka1 Qe8 25. Qd7 Qf8 26. Rhd1 a5 27. Rxa5
f5 28. Ra7 Rxb3 29. cxb3 Bf6 30. exf5 Rd8 31. Qxd8 Bxd8 32. Ra8 Qxh6 33. f6 1-0

[Event "Campinas - Memorial Antonio Rocha 2011"]
[Site "Campinas BRA"]
[Date "2011.01.14"]
[Round "2.4"]
[White "Flores, Diego"]
[Black "Name, Gabriel Ricardo S"]
[Result "1-0"]
[WhiteElo "2628"]
[BlackElo "2138"]
[PlyCount "107"]
[EventDate "2011.01.13"]
[EventType "tourn"]
[EventRounds "13"]
[EventCountry "BRA"]
[EventCategory "8"]
[Source "lmi"]
[SourceDate "2011.01.13"]

1. d4 d5 2. c4 e6 3. Nc3 c6 4. e3 Bd6 5. Nf3 f5 6. Bd3 Nf6 7. Qc2 O-O 8. cxd5
cxd5 9. Nb5 Nc6 10. Nxd6 Qxd6 11. a3 Bd7 12. O-O Rfc8 13. Qd1 Be8 14. b3 Bh5
15. Bb2 Ne4 16. Qe1 Bxf3 17. gxf3 Ng5 18. Be2 Ne7 19. f4 Ne4 20. f3 Nf6 21. a4
Qd8 22. Ba3 Nc6 23. b4 a5 24. b5 Nb8 25. Qd2 Nbd7 26. Rfc1 Rxc1+ 27. Rxc1 Nb6
28. Qc2 Ne8 29. Qc5 h6 30. Qf8+ Kh7 31. Qf7 Qd7 32. Qxd7 Nxd7 33. e4 Nb6 34.
exf5 exf5 35. Bd3 Nxa4 36. Bxf5+ Kh8 37. Be6 Nb6 38. Bc5 Nc8 39. Bxd5 Ncd6 40.
b6 a4 41. Ra1 Nf6 42. Bb3 Nb5 43. Rxa4 Rxa4 44. Bxa4 Nc3 45. Bb3 Ncd5 46. f5
Kh7 47. Kf2 g6 48. Bc2 g5 49. Be4 Kg7 50. Ke2 Kf7 51. Kd3 Ke8 52. Bxd5 Nxd5 53.
Ke4 Nc3+ 54. Ke5 1-0

[Event "Campinas - Memorial Antonio Rocha 2011"]
[Site "Campinas BRA"]
[Date "2011.01.15"]
[Round "3.1"]
[White "Saldano Dayer, Horacio"]
[Black "Mareco, Sandro"]
[Result "0-1"]
[WhiteElo "2401"]
[BlackElo "2627"]
[PlyCount "44"]
[EventDate "2011.01.13"]
[EventType "tourn"]
[EventRounds "13"]
[EventCountry "BRA"]
[EventCategory "8"]
[Source "lmi"]
[SourceDate "2011.01.13"]

1. e4 c5 2. Nf3 d6 3. d4 cxd4 4. Nxd4 Nf6 5. Nc3 a6 6. Bc4 e6 7. O-O Be7 8. Bb3
Nc6 9. f4 Na5 10. e5 dxe5 11. fxe5 Nxb3 12. axb3 Nd7 13. Be3 Nxe5 14. Qh5 Ng6
15. Rf3 Qc7 16. Ndb5 Qb8 17. Bc5 Qe5 18. Qxe5 Nxe5 19. Nc7+ Kd7 20. Nxa8 Nxf3+
21. gxf3 Bxc5+ 22. Kg2 Kc6 0-1

[Event "Campinas - Memorial Antonio Rocha 2011"]
[Site "Campinas BRA"]
[Date "2011.01.15"]
[Round "3.2"]
[White "Tsuboi, Edson Kenji"]
[Black "De Nucci, Gilberto"]
[Result "1-0"]
[WhiteElo "2380"]
[BlackElo "2066"]
[PlyCount "89"]
[EventDate "2011.01.13"]
[EventType "tourn"]
[EventRounds "13"]
[EventCountry "BRA"]
[EventCategory "8"]
[Source "lmi"]
[SourceDate "2011.01.13"]

1. e4 Nf6 2. e5 Nd5 3. d4 d6 4. Nf3 Bg4 5. Be2 c6 6. exd6 Qxd6 7. O-O e6 8. Re1
Be7 9. Nbd2 Nd7 10. h3 Bf5 11. a3 Rd8 12. Bf1 O-O 13. g3 b5 14. c3 Rfe8 15. a4
a6 16. Qb3 Bf6 17. axb5 axb5 18. Ne4 Bxe4 19. Rxe4 e5 20. Bd2 exd4 21. Rxe8+
Rxe8 22. cxd4 g6 23. Ra6 Kg7 24. Qc2 Rc8 25. Bxb5 Nb8 26. Ra7 c5 27. dxc5 Rxc5
28. Qa4 Qb6 29. Be8 Rc7 30. Rxc7 Nxc7 31. b4 Qe6 32. Bb5 Qe4 33. Kg2 Qd5 34.
Be2 Nc6 35. Qc2 Ne5 36. Bc3 Qc6 37. Qb2 Nd7 38. Bxf6+ Nxf6 39. b5 Qb6 40. Ne5
Kg8 41. Nc4 Qb7+ 42. Kg1 Nd7 43. Ne5 Nb6 44. Bf3 Ncd5 45. Qd4 1-0

[Event "Campinas - Memorial Antonio Rocha 2011"]
[Site "Campinas BRA"]
[Date "2011.01.15"]
[Round "3.4"]
[White "Name, Gabriel Ricardo S"]
[Black "Vescovi, Giovanni Portilho"]
[Result "0-1"]
[WhiteElo "2138"]
[BlackElo "2631"]
[PlyCount "88"]
[EventDate "2011.01.13"]
[EventType "tourn"]
[EventRounds "13"]
[EventCountry "BRA"]
[EventCategory "8"]
[Source "lmi"]
[SourceDate "2011.01.13"]

1. Nf3 c5 2. e3 g6 3. c4 Bg7 4. Nc3 Nf6 5. d4 O-O 6. d5 d6 7. Be2 e6 8. O-O
exd5 9. cxd5 Bg4 10. a4 Nbd7 11. Nd2 Bxe2 12. Qxe2 Qe7 13. f3 Nh5 14. Nc4 a6
15. Qd1 f5 16. Ra3 Ne5 17. Qb3 Rf7 18. Bd2 g5 19. Nd1 f4 20. Bc3 Raf8 21. Nxe5
Bxe5 22. Bxe5 Qxe5 23. e4 Nf6 24. Qc3 Nd7 25. Nf2 Qxc3 26. bxc3 Ne5 27. Rb1 Re8
28. Rab3 Ree7 29. Kf1 h5 30. h3 Kf8 31. Ke2 Ke8 32. Rg1 Kd8 33. Nd3 Nc4 34. g3
g4 35. Nxf4 gxf3+ 36. Kd3 Ne5+ 37. Ke3 Nc4+ 38. Kd3 Ne5+ 39. Ke3 h4 40. Ne6+
Rxe6 41. dxe6 f2 42. Rf1 Rf3+ 43. Ke2 hxg3 44. Rbb1 Rf6 0-1

[Event "Campinas - Memorial Antonio Rocha 2011"]
[Site "Campinas BRA"]
[Date "2011.01.15"]
[Round "3.6"]
[White "Mecking, Henrique Costa"]
[Black "Rodriguez Vila, Andres"]
[Result "1-0"]
[WhiteElo "2562"]
[BlackElo "2511"]
[PlyCount "61"]
[EventDate "2011.01.13"]
[EventType "tourn"]
[EventRounds "13"]
[EventCountry "BRA"]
[EventCategory "8"]
[Source "lmi"]
[SourceDate "2011.01.13"]

1. d4 Nf6 2. c4 e6 3. Nc3 c5 4. d5 exd5 5. cxd5 d6 6. e4 a6 7. f4 Bg4 8. Qa4+
Nfd7 9. g3 Be7 10. h3 Bh5 11. g4 Bh4+ 12. Ke2 O-O 13. gxh5 b5 14. Qc2 Nf6 15.
Nf3 Nxh5 16. Kd1 Nd7 17. Rg1 Re8 18. Nxh4 Qxh4 19. Qg2 f5 20. Be2 Ndf6 21. Bxh5
Qxh5+ 22. Kc2 Ra7 23. e5 dxe5 24. fxe5 Rxe5 25. Qg5 Qf7 26. Bf4 Re8 27. Qxf5 b4
28. Bh6 Qf8 29. Raf1 Kh8 30. Ne4 gxh6 31. Qxf6+ 1-0

[Event "Campinas - Memorial Antonio Rocha 2011"]
[Site "Campinas BRA"]
[Date "2011.01.16"]
[Round "4.1"]
[White "Mareco, Sandro"]
[Black "Leitao, Rafael Duailibe"]
[Result "1/2-1/2"]
[WhiteElo "2627"]
[BlackElo "2609"]
[PlyCount "59"]
[EventDate "2011.01.13"]
[EventType "tourn"]
[EventRounds "13"]
[EventCountry "BRA"]
[EventCategory "8"]
[Source "lmi"]
[SourceDate "2011.01.13"]

1. d4 Nf6 2. c4 e6 3. Nf3 d5 4. g3 Bb4+ 5. Bd2 Be7 6. Bg2 O-O 7. O-O c6 8. Qc2
b6 9. b3 Nbd7 10. Rd1 Ba6 11. a4 Rc8 12. a5 c5 13. axb6 Qxb6 14. Qa2 Bb7 15.
Ba5 Qd6 16. Nbd2 Qb8 17. Bc3 a6 18. dxc5 Bxc5 19. b4 Be7 20. c5 e5 21. Nb3 d4
22. Be1 Bd5 23. Rdb1 Rfe8 24. Nh4 Bc4 25. Qd2 Bxb3 26. Rxb3 Nxc5 27. Rb2 Nce4
28. Qd3 Nc3 29. Qxa6 Nfd5 30. Nf5 1/2-1/2

[Event "Campinas - Memorial Antonio Rocha 2011"]
[Site "Campinas BRA"]
[Date "2011.01.16"]
[Round "4.2"]
[White "Rodriguez Vila, Andres"]
[Black "Santos, Marcus Vinicius M"]
[Result "1-0"]
[WhiteElo "2511"]
[BlackElo "2365"]
[PlyCount "41"]
[EventDate "2011.01.13"]
[EventType "tourn"]
[EventRounds "13"]
[EventCountry "BRA"]
[EventCategory "8"]
[Source "lmi"]
[SourceDate "2011.01.13"]

1. c4 Nf6 2. e3 g6 3. b3 Bg7 4. Bb2 O-O 5. Nf3 c5 6. Be2 d5 7. cxd5 Qxd5 8. d3
Nc6 9. Nc3 Qf5 10. O-O b6 11. a3 Rd8 12. Qb1 Ba6 13. Rd1 Rac8 14. Ra2 Nd7 15.
Ba1 Nde5 16. Ne1 Ng4 17. Bf1 Nce5 18. h3 Nf6 19. d4 Qxb1 20. Rxb1 cxd4 21. exd4
1-0

[Event "Campinas - Memorial Antonio Rocha 2011"]
[Site "Campinas BRA"]
[Date "2011.01.16"]
[Round "4.4"]
[White "Vescovi, Giovanni Portilho"]
[Black "Stamenkovic, Dragan"]
[Result "1/2-1/2"]
[WhiteElo "2631"]
[BlackElo "2370"]
[PlyCount "52"]
[EventDate "2011.01.13"]
[EventType "tourn"]
[EventRounds "13"]
[EventCountry "BRA"]
[EventCategory "8"]
[Source "lmi"]
[SourceDate "2011.01.13"]

1. d4 d5 2. c4 c6 3. Nf3 Nf6 4. Nc3 e6 5. Bg5 h6 6. Bh4 Be7 7. e3 Nbd7 8. Qc2
O-O 9. Rd1 a6 10. Be2 dxc4 11. Bxc4 b5 12. Be2 c5 13. O-O Qe8 14. Bxf6 Bxf6 15.
dxc5 Nxc5 16. Nxb5 axb5 17. Qxc5 Bd7 18. Ne5 Bxe5 19. Qxe5 Rxa2 20. Rd6 Qb8 21.
Rfd1 Rc8 22. Qd4 Be8 23. h3 Qc7 24. Rd2 Ra1+ 25. Rd1 Rxd1+ 26. Bxd1 Qc5 1/2-1/2

[Event "Campinas - Memorial Antonio Rocha 2011"]
[Site "Campinas BRA"]
[Date "2011.01.16"]
[Round "4.5"]
[White "Di Berardino, Diego Rafael"]
[Black "Name, Gabriel Ricardo S"]
[Result "1-0"]
[WhiteElo "2490"]
[BlackElo "2138"]
[PlyCount "75"]
[EventDate "2011.01.13"]
[EventType "tourn"]
[EventRounds "13"]
[EventCountry "BRA"]
[EventCategory "8"]
[Source "lmi"]
[SourceDate "2011.01.13"]

1. d4 Nf6 2. c4 e6 3. Nc3 Bb4 4. e3 c5 5. Nge2 cxd4 6. exd4 d5 7. c5 Ne4 8. Bd2
Nxd2 9. Qxd2 O-O 10. a3 Ba5 11. b4 Bc7 12. g3 a6 13. Bg2 b6 14. O-O bxc5 15.
dxc5 Nc6 16. f4 g6 17. Nd4 Bb7 18. Nce2 Qe7 19. Rfe1 Rfd8 20. Rac1 Qf6 21. Kh1
e5 22. Nxc6 Bxc6 23. fxe5 Bxe5 24. Rf1 Qg7 25. Nf4 Ra7 26. Qa2 Bb5 27. Nxd5
Bxf1 28. Rxf1 Qh6 29. Qb3 Qg5 30. c6 h5 31. Qc4 Rc8 32. Bh3 Rf8 33. c7 Bxc7 34.
Nxc7 Qe3 35. Nd5 Qe5 36. Qc5 Qb8 37. Qd4 f5 38. Nf6+ 1-0

[Event "Campinas - Memorial Antonio Rocha 2011"]
[Site "Campinas BRA"]
[Date "2011.01.16"]
[Round "4.6"]
[White "De Nucci, Gilberto"]
[Black "Zambrana, Osvaldo"]
[Result "0-1"]
[WhiteElo "2066"]
[BlackElo "2513"]
[PlyCount "64"]
[EventDate "2011.01.13"]
[EventType "tourn"]
[EventRounds "13"]
[EventCountry "BRA"]
[EventCategory "8"]
[Source "lmi"]
[SourceDate "2011.01.13"]

1. d4 Nf6 2. c4 c5 3. d5 e6 4. Nc3 d6 5. e4 exd5 6. cxd5 g6 7. f4 Bg7 8. Nf3
O-O 9. Be2 Re8 10. Nd2 a6 11. a4 Nbd7 12. O-O Rb8 13. e5 dxe5 14. Nc4 e4 15. f5
Nb6 16. fxg6 hxg6 17. Bf4 Nxc4 18. Bxc4 Ra8 19. Qb3 Nh5 20. Be3 Qd6 21. Kh1 b6
22. Ne2 Be5 23. g3 Bg4 24. Rf2 Bf3+ 25. Kg1 Nf6 26. Bf4 Ng4 27. Rff1 Ra7 28. h3
Bxf4 29. Nxf4 Nh6 30. Rad1 Ree7 31. Be2 Nf5 32. Bxf3 Nd4 0-1

[Event "Campinas - Memorial Antonio Rocha 2011"]
[Site "Campinas BRA"]
[Date "2011.01.17"]
[Round "5.1"]
[White "Tsuboi, Edson Kenji"]
[Black "Mareco, Sandro"]
[Result "0-1"]
[WhiteElo "2380"]
[BlackElo "2627"]
[PlyCount "80"]
[EventDate "2011.01.13"]
[EventType "tourn"]
[EventRounds "13"]
[EventCountry "BRA"]
[EventCategory "8"]
[Source "lmi"]
[SourceDate "2011.01.13"]

1. e4 c5 2. Nf3 d6 3. d4 cxd4 4. Nxd4 Nf6 5. Nc3 a6 6. Be2 e6 7. O-O Be7 8. f4
Nc6 9. Be3 O-O 10. a4 Qc7 11. Kh1 Re8 12. Bf3 Bd7 13. Nb3 b6 14. g4 Bc8 15. g5
Nd7 16. Bg2 Rb8 17. Qd3 Bf8 18. Rad1 Nc5 19. Qe2 Bb7 20. Qf2 g6 21. a5 Nxa5 22.
Nxa5 bxa5 23. Bxc5 Qxc5 24. Qxc5 dxc5 25. Rd7 Re7 26. Rd2 Bc6 27. e5 Rd7 28.
Rxd7 Bxd7 29. Rd1 Bb5 30. h4 a4 31. Ne4 Kg7 32. Bf3 Bc6 33. Kg2 Rxb2 34. Nd2
Bd5 35. h5 h6 36. gxh6+ Kxh6 37. hxg6 fxg6 38. Bxd5 exd5 39. Nf3 a3 40. Rh1+
Kg7 0-1

[Event "Campinas - Memorial Antonio Rocha 2011"]
[Site "Campinas BRA"]
[Date "2011.01.17"]
[Round "5.2"]
[White "Zambrana, Osvaldo"]
[Black "Saldano Dayer, Horacio"]
[Result "1-0"]
[WhiteElo "2513"]
[BlackElo "2401"]
[PlyCount "119"]
[EventDate "2011.01.13"]
[EventType "tourn"]
[EventRounds "13"]
[EventCountry "BRA"]
[EventCategory "8"]
[Source "lmi"]
[SourceDate "2011.01.13"]

1. e4 e5 2. Nf3 Nc6 3. Bc4 Bc5 4. c3 Nf6 5. d3 O-O 6. O-O d5 7. exd5 Nxd5 8.
Re1 Bg4 9. h3 Bh5 10. Nbd2 Nb6 11. Bb5 Bd6 12. Ne4 f5 13. Bxc6 bxc6 14. Ng3
Bxf3 15. Qxf3 Qd7 16. c4 Rae8 17. b3 Bc5 18. Bb2 e4 19. Qf4 Bd6 20. Qg5 h6 21.
Qh4 Be7 22. Qh5 Bb4 23. Re2 exd3 24. Rxe8 Qxe8 25. a3 Bc5 26. Rd1 f4 27. Qg4
Bxf2+ 28. Kh1 Qd7 29. Qxd7 Nxd7 30. Ne4 Be3 31. Rxd3 Rf7 32. g4 Re7 33. Kg2 Nc5
34. Nxc5 Bxc5 35. Kf3 Be3 36. a4 c5 37. h4 c6 38. Rd8+ Kf7 39. Rd6 Rb7 40. Rxc6
Bd4 41. Bxd4 cxd4 42. Rd6 Rxb3+ 43. Kxf4 Rb4 44. Rxd4 Rxa4 45. Ke5 Ke7 46. Kd5
Ra1 47. Kc6 a5 48. Rd7+ Kf6 49. Ra7 a4 50. Kd7 a3 51. Ke8 a2 52. Kf8 g6 53. c5
h5 54. g5+ Kf5 55. Kg7 Kg4 56. Kxg6 Kxh4 57. Kh6 Kg4 58. g6 Kf5 59. g7 Rg1 60.
Rxa2 1-0

[Event "Campinas - Memorial Antonio Rocha 2011"]
[Site "Campinas BRA"]
[Date "2011.01.17"]
[Round "5.6"]
[White "Santos, Marcus Vinicius M"]
[Black "Flores, Diego"]
[Result "0-1"]
[WhiteElo "2365"]
[BlackElo "2628"]
[PlyCount "48"]
[EventDate "2011.01.13"]
[EventType "tourn"]
[EventRounds "13"]
[EventCountry "BRA"]
[EventCategory "8"]
[Source "lmi"]
[SourceDate "2011.01.13"]

1. e4 c5 2. Nc3 e6 3. f4 d5 4. Nf3 a6 5. d3 b5 6. Qe2 Nc6 7. g3 Nd4 8. Nxd4
cxd4 9. Nd1 dxe4 10. dxe4 Bb7 11. Bg2 Rc8 12. Nf2 Bb4+ 13. Kd1 Nf6 14. Nd3 Be7
15. b3 O-O 16. Bb2 Qb6 17. g4 Rfd8 18. g5 Ne8 19. h4 Nd6 20. Rh3 Nc4 21. bxc4
bxc4 22. Rb1 cxd3 23. Rxd3 Bc6 24. Rb3 Bb5 0-1

[Event "Campinas - Memorial Antonio Rocha 2011"]
[Site "Campinas BRA"]
[Date "2011.01.17"]
[Round "5.7"]
[White "Leitao, Rafael Duailibe"]
[Black "Rodriguez Vila, Andres"]
[Result "1/2-1/2"]
[WhiteElo "2609"]
[BlackElo "2511"]
[PlyCount "40"]
[EventDate "2011.01.13"]
[EventType "tourn"]
[EventRounds "13"]
[EventCountry "BRA"]
[EventCategory "8"]
[Source "lmi"]
[SourceDate "2011.01.13"]

1. d4 Nf6 2. c4 e6 3. Nf3 b6 4. g3 Ba6 5. b3 Bb4+ 6. Bd2 Be7 7. Bg2 c6 8. Bc3
d5 9. Ne5 Nfd7 10. Nxd7 Nxd7 11. Nd2 O-O 12. O-O Rc8 13. e4 c5 14. exd5 exd5
15. dxc5 dxc4 16. cxb6 Nxb6 17. Re1 Bf6 18. Bxf6 Qxf6 19. bxc4 Nxc4 20. Nxc4
Bxc4 1/2-1/2

[Event "Campinas - Memorial Antonio Rocha 2011"]
[Site "Campinas BRA"]
[Date "2011.01.18"]
[Round "6.4"]
[White "Di Berardino, Diego Rafael"]
[Black "Mecking, Henrique Costa"]
[Result "1/2-1/2"]
[WhiteElo "2490"]
[BlackElo "2562"]
[PlyCount "42"]
[EventDate "2011.01.13"]
[EventType "tourn"]
[EventRounds "13"]
[EventCountry "BRA"]
[EventCategory "8"]
[Source "lmi"]
[SourceDate "2011.01.13"]

1. d4 Nf6 2. c4 g6 3. Nc3 Bg7 4. e4 d6 5. f3 a6 6. Bg5 c6 7. Qd2 b5 8. Bd3 Nbd7
9. Nge2 Bb7 10. O-O O-O 11. Kh1 e5 12. d5 b4 13. Na4 c5 14. b3 a5 15. Nb2 Qe8
16. a4 h5 17. Rae1 Nh7 18. Be3 Qe7 19. Bc2 Rae8 20. Nd1 Bc8 21. Ng1 Kh8 1/2-1/2

[Event "Campinas - Memorial Antonio Rocha 2011"]
[Site "Campinas BRA"]
[Date "2011.01.18"]
[Round "6.5"]
[White "De Nucci, Gilberto"]
[Black "Stamenkovic, Dragan"]
[Result "0-1"]
[WhiteElo "2066"]
[BlackElo "2370"]
[PlyCount "62"]
[EventDate "2011.01.13"]
[EventType "tourn"]
[EventRounds "13"]
[EventCountry "BRA"]
[EventCategory "8"]
[Source "lmi"]
[SourceDate "2011.01.13"]

1. d4 Nf6 2. c4 e6 3. Nf3 d5 4. e3 Nbd7 5. Nbd2 Be7 6. b3 O-O 7. Bd3 c5 8. O-O
b6 9. Bb2 Bb7 10. Rc1 a5 11. a4 Ne4 12. Qe2 cxd4 13. exd4 Nxd2 14. Nxd2 Bg5 15.
f4 Bf6 16. Nf3 dxc4 17. Bxc4 Rc8 18. Rfd1 Qe7 19. Ne5 Rfd8 20. Bb5 Nf8 21. Nc4
Bd5 22. Qe3 Qb7 23. Rd2 Ng6 24. g3 Ne7 25. g4 Ng6 26. g5 Be7 27. Qg3 Bb4 28.
Re2 Ne7 29. Kf1 Nf5 30. Qg1 Bf3 31. Rec2 Be4 0-1

[Event "Campinas - Memorial Antonio Rocha 2011"]
[Site "Campinas BRA"]
[Date "2011.01.18"]
[Round "6.6"]
[White "Saldano Dayer, Horacio"]
[Black "Name, Gabriel Ricardo S"]
[Result "1-0"]
[WhiteElo "2401"]
[BlackElo "2138"]
[PlyCount "61"]
[EventDate "2011.01.13"]
[EventType "tourn"]
[EventRounds "13"]
[EventCountry "BRA"]
[EventCategory "8"]
[Source "lmi"]
[SourceDate "2011.01.13"]

1. e4 c6 2. d4 d5 3. Nd2 dxe4 4. Nxe4 Nd7 5. Bd3 Ngf6 6. Ng5 e6 7. N1f3 Bd6 8.
Qe2 h6 9. Ne4 Nxe4 10. Qxe4 Qc7 11. Qg4 g5 12. Qh3 Bf4 13. Bxf4 Qxf4 14. Qg3
Qxg3 15. hxg3 g4 16. Ne5 c5 17. Bb5 a6 18. Bxd7+ Bxd7 19. dxc5 Bc6 20. Nxc6
bxc6 21. O-O-O Ke7 22. Rd6 Rac8 23. Rhd1 Rc7 24. R1d4 h5 25. Ra4 Ra8 26. Kd2
Kf6 27. Rb4 Rg8 28. Rb6 Rg5 29. Rbxc6 Rxc5 30. Rxc7 Rxc7 31. Rxa6 1-0